Preparative inorganic reactions / (Record no. 2247)
[ view plain ]
| 000 -LEADER | |
|---|---|
| fixed length control field | 00439cam a22001451 4500 |
| 050 00 - LIBRARY OF CONGRESS CALL NUMBER | |
| Classification Number | QD156 |
| Item Number | .P74 |
| 100 ## - MAIN ENTRY--Author | |
| Personal name | Jolly, William, L. |
| 245 00 - TITLE | |
| Title | Preparative inorganic reactions / |
| Statement of responsibility, etc | Editor: William L. Jolly. |
| 260 ## - PUBLICATION, DISTRIBUTION, ETC.(IMPRINT) | |
| Place of publication, distribution, etc | New York [USA] : |
| Name of publisher, distributor, etc | Interscience Publishers, |
| Date of publication, distribution, etc | c1968. |
| 300 ## - PHYSICAL DESCRIPTION | |
| Extent | vi, 301 p. |
| 500 ## - GENERALNOTE | |
| General note | Vol. 4- have imprint: New York, Wiley-Interscience. |
| 650 #0 - SUBJECT--TOPIC | |
| General subdivision | Synthesis. |
| 700 1# - ADDED ENTRY--PERSONAL AUTHOR | |
| Personal Name | Jolly, William L., |
| 942 ## - ADDED ENTRY ELEMENTS(KOHA) | |
| Koha item type | General circulation |
| Source of classification or shelving scheme | Not for loan | Location (home branch) | Sublocation (holding branch) | Date accessioned | Cost, normal purchase price | Full call number | Barcode | Cost, replacement price | Nonpublic note | Koha item type | Public note |
|---|---|---|---|---|---|---|---|---|---|---|---|
| Library of Congress Classification | Main Campus Library | Main Campus Library | 28/08/2014 | 3644.96 | QD156 .P74 | 2019/022731 | 4144.96 | Nzk | General circulation | Nzk |